| 000 | 00450nam a22001817a 4500 | ||
|---|---|---|---|
| 008 | 240210b |||||||| |||| 00| 0 eng d | ||
| 020 | _a9789390709779 | ||
| 040 | _a30 | ||
| 082 | _a616.7 SHE | ||
| 100 | _aSHENOY , K RAJGOPAL | ||
| 110 | _bAYURVEDA | ||
| 245 |
_aMANIPAL MANUAL OF SURGERY _bWITH CLINICAL METHODS FOR DENTAL STUDENTS |
||
| 250 | _a4 TH | ||
| 260 |
_aNEW DELHI _bCBS _c2021 |
||
| 300 | _a446 | ||
| 650 | _aSURGERY | ||
| 942 | _c01 | ||
| 999 |
_c58161 _d58161 |
||